000 01481namaa22003251i 4500
005 20260607090243.0
008 260607s1994 ua a|||frm||| 000 0 eng d
040 _aEG-GICUC
_beng
_cEG-GICUC
_dEG-GICUC
_erda
041 0 _aeng
_beng
_bara
049 _aDeposit
097 _aPh.D
099 _aCai01.12.15.Ph.D.1994.As.G.
100 0 _aAshraf Mahmoud Osman EL Maghraby,
_epreparation.
245 1 0 _aGeology , Petrology, And Geochemistry Of The Pre- Cambrian Rocks Between Wadi Ghadir And Wadi EL- Gemal, Eastern Desert , Egypt /
_cBy Ashraf Mahmoud Osman EL Maghraby; Supervision Dr. F.Basta, Prof.Dr. M.EL Sharkawy, Prof.Dr. M. A. Takla.
246 1 5 _aدراسات جيولوجية وبترولوجية وجيوكيميائية لصخور البريكا مبرى بين وادى غدير و وادي الجمال الصحراء الشرقية - مصر /
264 0 _c1994.
300 _a226 pages :
_billustrations ;
_c30 cm. +
336 _2rda content
_atext
337 _2rdamedia
_aUnmediated
338 _2rdacarrier
_avolume
502 _aThesis (Ph.D)-Cairo University,1994.
504 _aBibliography: pages 204-226.
653 0 _aGeology
700 0 _aF.Basta
_ethesis advisor.
700 0 _aM.EL Sharkawy
_ethesis advisor.
700 0 _aM. A. Takla
_ethesis advisor.
900 _DDepartment of Geology
_FFaculty of Science
_UCairo University
_b1994
_cF.Basta
_cM.EL Sharkawy
_cM. A. Takla
905 _aEman El gebaly
942 _2ddc
_cTH
_e21
_n0
999 _c180385